MDQL
is popping MORE tags! Check the
thread
!
Quizzes
Events
Quiz Creation
Community
Videos
Private Events
Remove Ads
Sign In
Join for FREE
Feedback
Dark Mode
Quiz Categories
Sports
Geography
Music
Movies
Television
Just For Fun
Miscellaneous
History
Literature
Language
Science
Gaming
Entertainment
Religion
Holiday
For Kids
Quiz Lab
Recent
Popular Today
Quiz Kudos Today
Editor Picks
Curator Picks
Quizzes by...
Day
Popularity
Type
Ratings
Length
Year
Community
Subscriptions
Recent Discussions
Orange Saloon
Badges
Playlists
Quests
Create
Leaderboards
Showdown
Live 5
Trivia Bingo
Activity
Puzzle Library
Sporcle Events
Private Events
Virtual Trivia
Globe League
Become a Host
Pub Owners
SporcleCon
Opinionation
Our Games
Videos
Blog
Mobile Apps
Partnerships
Remove Ads and Go Orange
Feedback
Music
Pop Music
The Beatles
Song
Album
Lyrics
Bands
Singers
Artist
Clip
Rock
Rap
Classical
Billboard
Country Music
Kpop
Taylor Swift
Music
Pop Music
The Beatles
Song
Album
Lyrics
Bands
Singers
Artist
Clip
Rock
Rap
Classical
Billboard
Country Music
Kpop
Taylor Swift
Random Quiz
Search Sporcle
×
Quiz Lab
Quiz Lab
Music
Lyrics
Type in answers that appear in a list
Type in answers that appear in a list
Classic
Best Score? Go Orange.
Imagine Dragons - Polaroid lyrics Stats
Can you name the lyrics to this Imagine Dragons song?
By
Potterific
6m
185 Questions
374 Plays
374 Plays
374 Plays
Comments
Comments
Give Quiz Kudos
Give Quiz Kudos
-
- Ratings
hide this ad
Replay
Link that replays current quiz
Next Quiz
Link to next quiz in quiz playlist
You Got
0%
They Got
Avg Score
81%
Avg Friend Score
Upgrade to see
Score Distribution
Jump to the score distribution portion of the page
Score
0/185
Timer
06:00
0
Plays Today
Lyrics
% Correct
a
98.9%
a
98.9%
a
98.9%
[CHORUS]
98.9%
the
98.9%
a
98.9%
a
98.9%
a
98.9%
a
98.9%
a
98.9%
the
98.9%
[Chorus]
98.9%
[Chorus 2]:
98.9%
a
98.9%
the
98.9%
a
98.9%
a
98.9%
a
98.9%
a
98.9%
the
98.9%
And
98.9%
the
98.9%
and
98.9%
and
98.9%
the
98.9%
[Pre-Chorus]
98.9%
[Chorus]
98.9%
the
98.9%
[Pre-Chorus]
98.9%
I
98.7%
[Pre-Chorus] I
98.7%
I
98.7%
I
98.7%
I
98.7%
I
98.7%
in
96.5%
in
96.5%
in
96.5%
I'm
95.7%
I'm
95.7%
I'm
95.7%
Imma
95.7%
I'm
95.7%
I'm
95.7%
Imma
95.7%
imma
95.7%
I'm
95.7%
I'm
95.7%
I'm
95.7%
I'm
95.7%
I'm
95.7%
I'm
95.7%
I'm
95.7%
All
92.2%
all
92.2%
my
91.7%
down
91.7%
down
91.7%
my
91.7%
down,
91.7%
down.
91.7%
my
91.7%
Lyrics
% Correct
on
91.4%
can
91.4%
on
91.4%
love
91.2%
Love
91.2%
life
90.9%
to
90.6%
to
90.6%
I've
90.4%
been
90.4%
can't
89.8%
can't
89.8%
slow
89.6%
slow
89.6%
Polaroid,
89.6%
fast
88%
train.
88%
one
87.7%
living
87.7%
lane,
87.7%
One
87.7%
is
87.2%
night
86.6%
come
86.4%
rollin'
86.4%
come
86.4%
time,
86.1%
time
86.1%
mistake,
85.6%
over,
85.6%
never
85.6%
never
85.6%
more
85%
start
85%
too
84.8%
too
84.8%
rover.
84.8%
red
83.7%
strong.
81.8%
lone
81.6%
freight
80.7%
of
80.7%
of
80.7%
of
80.7%
cold
80.5%
intake.
80.5%
reckless
80.2%
colour
80.2%
colour
80.2%
colour
80.2%
gotta
79.1%
long,
78.9%
void.
78.3%
Oh,
78.1%
Oh
78.1%
Oh
78.1%
Oh oh oh oh oh oh oh
78.1%
am
77.8%
am
77.8%
am
77.8%
am
77.8%
am
77.8%
Lyrics
% Correct
it
77.3%
it
77.3%
it
77.3%
up
77%
night's
76.7%
let
76.5%
better
76.5%
picture,
76.5%
Let
76.5%
Let
76.5%
head.
76.5%
you
75.4%
fill
75.1%
sit
74.3%
what
73.5%
boom.
73.5%
boom,
73.5%
boom.
73.5%
most.
73%
an
71.9%
wreck
71.1%
shut
70.6%
hold
70.1%
this?
69.8%
cards
68.7%
how
68.4%
close,
67.9%
first
67.9%
did
67.4%
are
67.1%
class
66.6%
always
65.5%
arriving.
63.1%
headcase.
62.6%
headcase,
62.6%
but
61.5%
tune,
61.5%
gonna
57%
that's
56.7%
walker.
56.4%
opera,
56.1%
late
54%
alley
53.7%
talker,
51.9%
day
51.6%
face,
51.3%
midnight
50%
fall,
48.7%
fall.
48.7%
fall
48.7%
two
48.1%
rain
46.3%
for
45.7%
quick
45.2%
get
43%
upon
42.5%
ready,
42.2%
heavy.
41.7%
pace.
40.6%
burnout
39%
pour
37.4%
Quiz Playlist
Details
Report
Send in Message
Add To Playlist
Classic:
Type in answers that appear in a list
Last Updated: Feb 16, 2017
Quiz Scoreboard
CHALLENGE
Sign Up to Join the Scoreboard
Show All
Scores
Hide
Comments
May contain spoilers
Recently Published
Image Sorting: Flags VI
by Barbecue
Geography
2m
Find the 'City' Movie
by crazypaving
Movies
60s
Colored Red Africa Blitz
by spor1
Geography
45s
More to Explore
Quiz From the Vault
Featured Blog Post
14 Easter Pick-up Lines to Find Eggs With
hide this ad
You Might Also Like...
Tags
Lyrics Quiz
Today's Top Quizzes in Music
Browse Music
hide this ad
Today's Top Quizzes in Lyrics
Browse Lyrics
Top Contributed Quizzes in Music
1
5X2 Blitz: Bands II
2
5X2 Blitz: The Beatles
3
Taylor Swift All Songs (2024)
4
5X2 Blitz: Billboard
5
5X2 Blitz: Billboard II
6
5X2 Blitz: Album
7
5X2 Blitz: Rock
8
5X2 Blitz: Singers
9
Taylor Swift Logic Puzzle II
10
5X2 Blitz: Lyrics
Explore More
Trending Topics
NBA
Crossword
Anime
Disney
Harry Potter
Kpop
Marvel
WWE
Song
Puzzle
Pokémon
NFL
Country
Soccer
The Office
hide this ad
More By:
Potterific
Quiz
Plays
Rating
Category
Featured
Created
'Chasing Cars' lyrics
5,944
4.71
Music
Jul 14, 2012
Divergent Grab Bag
5,059
4.00
Literature
Sep 17, 2012
There are worse things I could do
2,894
4.57
Music
Oct 29, 2012
'Torn' by Natalie Imbruglia
2,401
4.47
Music
Jul 19, 2012
P!nk 'Perfect' lyrics (clean)
1,942
4.00
Music
Jan 8, 2013
Go to Creator's Profile
Score Distribution
Quiz Creator Spotlight
Potterific
Follow
Send a Message
Quizzes Created
-
Created Quiz Play Count
-
More By This Creator
Popular Quizzes Today
1
Colored Red Africa Blitz
2
Find the US States - No Outlines Minefield
3
Find the 'City' Movie
4
5x2 Blitz: Bands
5
The Countries of the World
6
Find the US States
7
Find the Countries of Europe - No Outlines Minefield
8
US States
More Music Quizzes
How Well Do You Know Stray Kids?
Quiz Lab
Trending Quizzes
Colored Red Europe Blitz I
Colored Red Europe Blitz II
Colored Red Africa Blitz II
Colored Red Europe Blitz III
Colored Red Africa Blitz III
Recently Updated
How Do You Spell That?
pecheneg
Godzilla Movies
pecheneg
Grab Bag: 4-10 Letters
pecheneg
2024 March Madness Bracket
pecheneg
Famous TV Couples
Peacemaker
Champions League XIs: Real Madrid
pecheneg
Largest US Cities 1790-2010
pecheneg
Rides in Walt Disney World
pecheneg
Most Oscar Losses (Acting)
pecheneg
Beyoncé Albums
pecheneg
Trending Topics
Harry Potter
Marvel
Kpop
Anime
Disney
NBA
Crossword
Puzzle
The Office
Country
Pokémon
WWE
NFL
Song
Soccer
Your Account Isn't Verified!
In order to create a playlist on Sporcle, you need to verify the email address you used during registration. Go to your
Sporcle Settings
to finish the process.
Report this User
Report this user for behavior that violates our
Community Guidelines
.
Details:
Send Report
Go to the Sporcle.com Mobile Site →
Comments